<?xml version="1.0" encoding="UTF-8"?>
<collection xmlns="http://www.loc.gov/MARC21/slim">
<record>
  <controlfield tag="001">147147</controlfield>
  <controlfield tag="005">20241212141913.0</controlfield>
  <datafield tag="024" ind1="7" ind2=" ">
    <subfield code="2">doi</subfield>
    <subfield code="a">10.55783/rcmf.170104</subfield>
  </datafield>
  <datafield tag="024" ind1="8" ind2=" ">
    <subfield code="2">sideral</subfield>
    <subfield code="a">140924</subfield>
  </datafield>
  <datafield tag="037" ind1=" " ind2=" ">
    <subfield code="a">ART-2024-140924</subfield>
  </datafield>
  <datafield tag="041" ind1=" " ind2=" ">
    <subfield code="a">spa</subfield>
  </datafield>
  <datafield tag="100" ind1=" " ind2=" ">
    <subfield code="a">Asensio Whyte, Isabel</subfield>
  </datafield>
  <datafield tag="245" ind1=" " ind2=" ">
    <subfield code="a">Los determinantes sociales de la salud y su influencia en la prevalencia y pronóstico de la EPOC: una revisión exploratoria</subfield>
  </datafield>
  <datafield tag="260" ind1=" " ind2=" ">
    <subfield code="c">2024</subfield>
  </datafield>
  <datafield tag="520" ind1="3" ind2=" ">
    <subfield code="a">Objetivo: el objetivo de esta revisión es estudiar el efecto que los determinantes sociales de la salud tienen sobre la prevalencia y pronóstico de la enfermedad pulmonar obstructiva crónica (EPOC).

Métodos: se ha hecho una revisión exploratoria (scoping review) de los artículos publicados entre 2013 y 2023, y una búsqueda bibliográfica en Pubmed. Se encontraron 31 artículos que cumplieran los criterios de inclusión.

Resultados: niveles educativos precarios, así como bajos ingresos económicos se relacionan con un aumento en el riesgo de EPOC, con incrementos del 44,9% y el 22,9% de los casos respectivamente. La dedicación a ciertos oficios, como la agricultura o los servicios de restauración, también aumenta la prevalencia de esta enfermedad y su impacto sobre la mortalidad. La soltería o viudez, el desempleo y vivir en áreas rurales con alta contaminación atmosférica son factores que se asocian a más hospitalizaciones, síntomas graves, menor productividad y mayor mortalidad. Las desigualdades sociales afectan el acceso a la atención médica y la adherencia al tratamiento. La EPOC es más común en hombres y en personas mayores, aunque algunos estudios muestran mayor riesgo en mujeres debido a su dedicación a las tareas domésticas y su exposición a sustancias contaminantes.

Conclusiones: determinantes sociales de la salud como el bajo nivel socioeconómico, la ocupación laboral, la contaminación doméstica o ambiental, el estado civil, lugar de residencia o dificultad de acceso al sistema sanitario actúan como factores de riesgo de la EPOC e influyen desfavorablemente sobre ella.

Palabras clave: enfermedad pulmonar obstructiva crónica, determinantes sociales de la salud, factores socioeconómicos, epidemiología, mortalidad.</subfield>
  </datafield>
  <datafield tag="506" ind1="0" ind2=" ">
    <subfield code="a">Access copy available to the general public</subfield>
    <subfield code="f">Unrestricted</subfield>
  </datafield>
  <datafield tag="540" ind1=" " ind2=" ">
    <subfield code="9">info:eu-repo/semantics/openAccess</subfield>
    <subfield code="a">by-nc-nd</subfield>
    <subfield code="u">http://creativecommons.org/licenses/by-nc-nd/3.0/es/</subfield>
  </datafield>
  <datafield tag="655" ind1=" " ind2="4">
    <subfield code="a">info:eu-repo/semantics/article</subfield>
    <subfield code="v">info:eu-repo/semantics/publishedVersion</subfield>
  </datafield>
  <datafield tag="700" ind1=" " ind2=" ">
    <subfield code="a">Gimeno-Feliu, Luis Andrés</subfield>
    <subfield code="u">Universidad de Zaragoza</subfield>
    <subfield code="0">(orcid)0000-0003-2928-6623</subfield>
  </datafield>
  <datafield tag="710" ind1="2" ind2=" ">
    <subfield code="1">1007</subfield>
    <subfield code="2">610</subfield>
    <subfield code="a">Universidad de Zaragoza</subfield>
    <subfield code="b">Dpto. Medicina, Psiqu. y Derm.</subfield>
    <subfield code="c">Area Medicina</subfield>
  </datafield>
  <datafield tag="773" ind1=" " ind2=" ">
    <subfield code="g">17, 1 (2024), 13-25</subfield>
    <subfield code="p">Rev. clín. med. fam.</subfield>
    <subfield code="t">Revista clínica de medicina de familia</subfield>
    <subfield code="x">1699-695X</subfield>
  </datafield>
  <datafield tag="856" ind1="4" ind2=" ">
    <subfield code="s">290788</subfield>
    <subfield code="u">http://zaguan.unizar.es/record/147147/files/texto_completo.pdf</subfield>
    <subfield code="y">Versión publicada</subfield>
  </datafield>
  <datafield tag="856" ind1="4" ind2=" ">
    <subfield code="s">2570668</subfield>
    <subfield code="u">http://zaguan.unizar.es/record/147147/files/texto_completo.jpg?subformat=icon</subfield>
    <subfield code="x">icon</subfield>
    <subfield code="y">Versión publicada</subfield>
  </datafield>
  <datafield tag="909" ind1="C" ind2="O">
    <subfield code="o">oai:zaguan.unizar.es:147147</subfield>
    <subfield code="p">articulos</subfield>
    <subfield code="p">driver</subfield>
  </datafield>
  <datafield tag="951" ind1=" " ind2=" ">
    <subfield code="a">2024-12-12-12:43:51</subfield>
  </datafield>
  <datafield tag="980" ind1=" " ind2=" ">
    <subfield code="a">ARTICLE</subfield>
  </datafield>
</record>
</collection>